000 01946nam0a2200421 4500
001 RU\NLR\BIBL_A\011453397
005 20241103113118.0
010 _a9785988623472
_9300
021 _aRU
_b2017-51672
_93701
035 _a(RuMoRGB)008936413
035 _a(NLR Aleph) 011453397
090 _a11765241
_c11765241
100 _a20170811d2017 u y0rusy50 ca
101 0 _arus
_aeng
102 _aRU
105 _ay e 000z
200 1 _aАнгло-русский и русско-английский футбольный словарь
_dEnglish-Russian and Russian-English dictionary of football
_fВ. Д. Красильников
_zeng
210 _aМосква
_cГрифон
_d2017
215 _a303 с.
_d17
300 _aНа обл. авт. не указан
320 _aБиблиогр.: с. 303 (16 назв.)
333 _a16+
510 1 _6z20790
_aEnglish-Russian and Russian-English dictionary of football
_zeng
606 1 _aАнглийский язык
_xТерминология спортивная
_xСловари
_xРусский язык
_9971495
_3RU\NLR\AUTH\6645594
606 1 _aРусский язык
_xТерминология спортивная
_xСловари
_xАнглийский язык
_92304377
_3RU\NLR\AUTH\661379460
606 _aФутбол
_jТерминологические словари
_91419432
_3RU\NLR\AUTH\66287490
610 0 _aфутбол - двуязычные словари
686 _aЧ515.78я212
_2rubbk
686 1 _aЧ515.78я212
686 1 _aШ141.12-434
686 1 _aШ143.21-434
700 1 _7ca
_8rus
_aКрасильников
_bВ. Д.
_cфилолог
_gВладимир Дмитриевич
_9177261
_3RU\NLR\AUTH\770177312
790 1 _7ba
_8rus
_aKrasil'nikov
_bV. D.
_cфилолог
_gVladimir Dmitrievič
_9177270
_3RU\NLR\AUTH\770177321
942 _cBOOK
980 _aNBR